Business statistics in practice. (Record no. 6012)
[ view plain ]
| 000 -LEADER | |
|---|---|
| fixed length control field | 01415pam a2200169 a 4500 |
| 050 ## - CALL NUMBER | |
| Classification number | HF1017 |
| Item number | .B67 |
| 100 ## - AUTHOR | |
| Personal name | Bruce L Bowerman; |
| 245 ## - TITLE | |
| Title | Business statistics in practice. |
| Statement of responsibility, etc | Bruce L Bowerman; Richard T O'Connell; Emily Murphree |
| 260 ## - PUBLICATION INFORMATION | |
| Place of publication | New York : , |
| Name of publisher | McGraw-Hill Higher Education |
| Year of publication | 2011 [i.e. 2010]. |
| 300 ## - DESCRIPTION | |
| Number of Pages | xxvii, 899 p.. : . ; |
| Other physical details | col. ill |
| Dimensions | 28 cm. |
| 300 ## - DESCRIPTION | |
| Number of Pages | Formerly CIP. |
| 500 ## - NOTES | |
| General note | Includes statistical tables |
| 505 ## - FORMATTED CONTENTS NOTE | |
| Table of Content | 1. An Introduction to Business Statistics2. Descriptive Statistics: Tabular and Graphical Methods3. Descriptive Statistics: Numerical Methods4. Probability5. Discrete Random Variables6. Continuous Random Variables7. Sampling Distributions8. Confidence Intervals9. Hypothesis Testing10. Statistical Inferences Based on Two Samples11. Experimental Design and Analysis of Variance12. Chi-Square Tests13. Simple Linear Regression Analysis14. Multiple Regression15. Model Building and Model Diagnostics16. Time Series Forecasting17. Process Improvement Using Control Charts18. Nonparametric Methods19. Decision TheoryAppendix A: Statistical TablesAppendix B: Counting RulesAppendix C: Hypergeometric DistributionAppendix D: Properties of the Mean and the Variance of a Random Variable, and the CovarianceAppendix E: Derivations of the Mean and Variance of x(bar) and p(hat |
| 650 ## - SUBJECTS | |
| Topical Term | Statistics |
| General subdivision | Commercial statistics. |
| 700 ## - OTHER AUTHORS | |
| Personal name | Bowerman |
| 942 ## - ADDED ENTRY ELEMENTS (KOHA) | |
| Koha item type | Books |
| Withdrawn status | Lost status | Collection code | Home library | Current library | Shelving location | Date acquired | Full call number | Accession Number | Koha item type |
|---|---|---|---|---|---|---|---|---|---|
| Reference | Methodist University Library Main | Methodist University Library Main | General Stacks | 27/10/2013 | HF1017 .B67 | 38689 | Books | ||
| Reference | Methodist University Library Main | Methodist University Library Main | General Stacks | 27/10/2013 | HF1017 .B67 | 38690 | Books | ||
| Reference | Methodist University Library Main | Methodist University Library Main | General Stacks | 27/10/2013 | HF1017 .B67 | 38863 | Books |